000 01075cam a2200325 a 4500
001 30804
003 BD-RjUL
005 20211209051622.0
008 140411r19661928e 000 0 eng d
035 _aoxf98311169
035 _a(OCoLC)173416281
_a(BD-RjUL) 30891
040 _aOUN
_dm.c
_dBD-RjUL
_beng
_cBD-RjUL
041 1 _aeng
_alat
_hlat
082 _a320
_bCID 1966
100 1 _aCicero, Marcus Tullius.
_993584
245 1 0 _aDe re publica ;
_bDe legibus /
_cCicero ; with an English translation by Clinton Walker Keyes.
260 _aCambridge, Mass ;
_aLondon :
_bHarvard University Press,
_c1928 [Reprinted 1966].
300 _a[8] 533 p. ;
_c17 cm.
490 1 _aLoeb classical library ;
_v213
490 1 _aCicero ;
_v16
500 _aPreviously published: 1928.
504 _aIncludes bibliography.
650 _aPolitical science
_993585
830 0 _v213.
_993588
700 1 _aKeyes, Clinton Walker,
_d1888-1943.
_993289
830 0 _aLoeb classical library ;
_993589
942 _2ddc
_cBK
999 _c30804
_d30804